ბათუმის შოთა რუსთაველის სახელმწიფო უნივერსიტეტის ბიბლიოთეკა

ერთტომეული: პოეზია,პროზა,თარგმანები სხვადასხვა ენებიდან (ბიბ.ჩანაწერი № 47752)

000 -LEADER
fixed length control field 00996nam a2200217Ia 4500
001 - CONTROL NUMBER
control field 14623
003 - CONTROL NUMBER IDENTIFIER
control field GE_BSU
008 - FIXED-LENGTH DATA ELEMENTS--GENERAL INFORMATION
fixed length control field 181216s||||||||xx |||||||||||||| ||und||
040 ## - CATALOGING SOURCE
Transcribing agency GE_BSU
080 ## - UNIVERSAL DECIMAL CLASSIFICATION NUMBER
Universal Decimal Classification number 821.353.1-1+821.353.1-3
100 ## - MAIN ENTRY--PERSONAL NAME
Personal name იაშვილი,პაოლო
245 ## - TITLE STATEMENT
Title ერთტომეული: პოეზია,პროზა,თარგმანები სხვადასხვა ენებიდან
245 ## - TITLE STATEMENT
Statement of responsibility, etc. ირ.აბაშიძის წინასიტყვ.რედ. ა.გომიაშვილი. მხატვ. ო ჯიშკარიანი
260 ## - PUBLICATION, DISTRIBUTION, ETC.
Place of publication, distribution, etc. თბილისი
260 ## - PUBLICATION, DISTRIBUTION, ETC.
Name of publisher, distributor, etc. საბჭოთა საქართველო
260 ## - PUBLICATION, DISTRIBUTION, ETC.
Date of publication, distribution, etc. 1965
300 ## - PHYSICAL DESCRIPTION
Extent 465გვ.1ფ.პორტრ.22სმ.
653 ## - INDEX TERM--UNCONTROLLED
Uncontrolled term ერთტომეული
653 ## - INDEX TERM--UNCONTROLLED
Uncontrolled term პოეზია,პროზა,თარგმანები სხვადასხვა ენებიდან
942 ## - ADDED ENTRY ELEMENTS (KOHA)
Koha item type წიგნი
ეგზემპლარები
Withdrawn status Lost status Damaged status Not for loan Date acquired Barcode Date last seen Price effective from Koha item type
        2018-12-17 37739 2018-12-17 2018-12-17 წიგნი